Catalog

Record Details

Catalog Search



The chance [CD/sound recording] / Karen Kingsbury.

LaVoy, January.(Narrator).

Available copies

  • 2 of 2 copies available at LARL/NWRL Consortium.
  • 1 of 1 copy available at Lake Agassiz Regional Library. (Show preferred library)

Current holds

0 current holds with 2 total copies.

Show All Copies
Location Call Number / Copy Notes Barcode Shelving Location Status Due Date
Breckenridge Public Library CD TALKING BOOK C KIN (Text) 33500011028172 Main Available -
Hallock Public Library BOOK-ON-CD KIN (Text) 35500005140809 Main Available -

Record details

  • ISBN: 9781470345976
  • ISBN: 1470345978
  • ISBN: 9781442358195
  • ISBN: 144235819X
  • Physical Description: 8 sound discs (9 hr., 15 min.) : digital ; 4 3/4 ... Read More
  • Edition: Unabridged, [Recorded Books ed.].
  • Publisher: Prince Frederick, MD : Recorded Books, 2013, p2013.

Content descriptions

General Note:
Compact disc.
Title from container.
Release date supplied by publisher.
Recording originally produced by Simon & Schuster Audio, p2013.
In container (17 cm.).
"With tracks every 3 minutes for easy book marking"--Container.
Participant or Performer Note:
Narrated by January LaVoy.
Summary, etc.:
Vowing to meet eleven years after sealing letters ... Read More
Genre: Christian fiction.
Audiobooks.
LDR 02322cim a2200517Ma 4500
001150415
003LARL_NWRL_CONSORTIUM
00520130808172722.0
007sd fungnnmmned
008130723r20132013mdunnnn f n eng d
020 . ‡a9781470345976
020 . ‡a1470345978
020 . ‡a9781442358195
020 . ‡a144235819X
02801. ‡aC02458 ‡bRecorded Books
035 . ‡a(OCoLC)854771998
08204. ‡a813/.54 ‡223
1001 . ‡aKingsbury, Karen. ‡0(LARL_NWRL_CONSORTIUM)140265
24514. ‡aThe chance ‡h[CD/sound recording] / ‡cKaren Kingsbury.
250 . ‡aUnabridged, [Recorded Books ed.].
260 . ‡aPrince Frederick, MD : ‡bRecorded Books, ‡c2013, p2013.
300 . ‡a8 sound discs (9 hr., 15 min.) : ‡bdigital ; ‡c4 3/4 in.
500 . ‡aCompact disc.
500 . ‡aTitle from container.
5110 . ‡aNarrated by January LaVoy.
500 . ‡aRelease date supplied by publisher.
500 . ‡aRecording originally produced by Simon & Schuster Audio, p2013.
500 . ‡aIn container (17 cm.).
500 . ‡a"With tracks every 3 minutes for easy book marking"--Container.
520 . ‡aVowing to meet eleven years after sealing letters they wrote to each other in an old metal box, best friends Ellie and Nolan both have reservations about seeing each other again as loneliness, personal tragedies, and a lack of faith haunt both of them.
655 7. ‡aChristian fiction. ‡2gsafd
655 7. ‡aAudiobooks. ‡2lcgft ‡0(LARL_NWRL_CONSORTIUM)175801
7001 . ‡aLaVoy, January. ‡4nrt
901 . ‡a150415 ‡bOCLC ‡c150415 ‡tbiblio

Additional Resources